000 00991nam a2200229Ia 4500
003 IN-BaIIA
008 211028s9999 xx 000 0 eng d
020 _a3-540-66370-3
040 _cIIA Library
080 _a52
_bCHE
111 _aESO Workshop on Chemical Evolution from Zero to High Redshift
_cGarching, Germany
_d1998 Oct. 14-16
_924544
245 0 _aChemical evolution from zero to high redshift
_bproceedings of the ESO workshop on chemical evolution from zero to high redshift, held at Garching, Germany, 14-16 October. 1998
_cedited by Jeremy R. Walsh and Michael R. Rosa
260 _aBerlinrk
_bSpringer-Verlag
_c1999
300 _axviii, 312p.
490 _aESO astrophysics symposia
650 _aAstronomy
_980
650 _aChemical evolution
_915336
650 _aRedshift
_98391
700 _aRosa, Michael R., ed.
_924545
700 _aWalsh, Jeremy R., ed.
_924546
942 _cBK
999 _c14009
_d14009